000 00252nam a22001217a 4500
020 _a9789696172222
082 _a891.439
_bHAN
245 _aHaniya/
_bہانیہ
260 _bJunior book club,
300 _a16p. ;
563 _aPB
942 _2ddc
_cBK
999 _c614913
_d614913